Science Quiz

Random Science or Astronomy Quiz
Score 0/10 Timer 01:00
1 Play Today
% Correct
Galileo
94.9%
Nicolaus
86.3%
Johannes
77.6%
Giovanni
71.3%
Tycho
63.7%
Edmond
63%
Christiaan
52.9%
William
52.7%
Charles
38%
George
30.5%
Remove Ads.
Support Sporcle.
Get the best of Sporcle when you Go Orange. This ad-free experience offers more features, more stats, and more fun while also helping to support Sporcle. Thank you for becoming a member.

You're not logged in!

Compare scores with friends on all Sporcle quizzes.
OR
Log In

Show Comments

Extras

Top Quizzes Today


Score Distribution

Your Account Isn't Verified!

In order to create a playlist on Sporcle, you need to verify the email address you used during registration. Go to your Sporcle Settings to finish the process.

Report this User

Report this user for behavior that violates our Community Guidelines.

Details: